MARC details
| 000 -CABECERA |
| campo de control de longitud fija |
00979nam a2200241 a 4500 |
| 001 - NÚMERO DE CONTROL |
| campo de control |
000022290 |
| 005 - FECHA Y HORA DE LA ÚLTIMA TRANSACCIÓN |
| campo de control |
20200930011653.0 |
| 008 - DATOS DE LONGITUD FIJA--INFORMACIÓN GENERAL |
| campo de control de longitud fija |
100921s1980 dr ac r 001 0 spa d |
| 040 ## - FUENTE DE LA CATALOGACIÓN |
| Centro catalogador/agencia de origen |
DO-SdBNP |
| Lengua de catalogación |
spa |
| Centro/agencia transcriptor |
BNPHU |
| 082 ## - NÚMERO DE LA CLASIFICACIÓN DECIMAL DEWEY |
| Número de clasificación |
364.154 |
| -- |
T554r |
| 100 1# - ENTRADA PRINCIPAL--NOMBRE DE PERSONA |
| Nombre de persona |
Tiburcio Sabino, Tito Livio, |
| Fechas asociadas al nombre |
1945- |
| 9 (RLIN) |
46047 |
| 245 10 - MENCIÓN DE TÍTULO |
| Título |
Rehén : |
| Resto del título |
testimonios de Tito Livio, rehén del M-19, 40 días en la Embajada Dominicana en Bogotá Colombia /. |
| 246 13 - FORMA VARIANTE DE TÍTULO |
| Título propio/Titulo breve |
Rehén, testimonios de Tito Livio, rehén del M-19: |
| Resto del título |
cuarenta días en la Embajada Dominicana en Bogotá Colombiano |
| 260 ## - PUBLICACIÓN, DISTRIBUCIÓN, ETC. |
| Lugar de publicación, distribución, etc. |
Santo Domingo : |
| Nombre del editor, distribuidor, etc. |
Publicaciones América, |
| Fecha de publicación, distribución, etc. |
1980. |
| 300 ## - DESCRIPCIÓN FÍSICA |
| Extensión |
111 p. : |
| Otras características físicas |
il. retrs. ; |
| Dimensiones |
21 cm. |
| 590 ## - NOTA LOCAL (RLIN) |
| Nota local |
Inventariado, 2018/BT |
| 610 24 - PUNTO DE ACCESO ADICIONAL DE MATERIA--NOMBRE DE ENTIDAD CORPORATIVA |
| Nombre de entidad corporativa o nombre de jurisdicción como elemento de entrada |
M-19 (GRUPO GERRILLERO COLOMBIANO) |
| 9 (RLIN) |
46048 |
| 650 #4 - PUNTO DE ACCESO ADICIONAL DE MATERIA--TÉRMINO DE MATERIA |
| Término de materia o nombre geográfico como elemento de entrada |
Secuestro |
| Subdivisión general |
Relatos personales |
| 9 (RLIN) |
46049 |
| 650 #4 - PUNTO DE ACCESO ADICIONAL DE MATERIA--TÉRMINO DE MATERIA |
| Término de materia o nombre geográfico como elemento de entrada |
Rehénes |
| 9 (RLIN) |
5630 |
| 650 #4 - PUNTO DE ACCESO ADICIONAL DE MATERIA--TÉRMINO DE MATERIA |
| Término de materia o nombre geográfico como elemento de entrada |
Terrorismo |
| Subdivisión geográfica |
Colombia |
| 9 (RLIN) |
46050 |
| 650 #4 - PUNTO DE ACCESO ADICIONAL DE MATERIA--TÉRMINO DE MATERIA |
| Término de materia o nombre geográfico como elemento de entrada |
Delitos contra la persona |
| 9 (RLIN) |
5831 |
| 910 ## - DATOS DE OPCIÓN DEL USUARIO (OCLC) |
| Datos de opción del usuario |
Validado. Control de calidad. EMS |